Statistics for Minecraft wood

Click here to take the quiz!

General Stats

  • This quiz has been taken 21 times
  • The average score is 6 of 8

Answer Stats

Answer% Correct
Dark Oak
100%
Oak
100%
Birch
94%
Acacia
81%
Spruce
81%
Jungle
69%
Warped
63%
Crimson
56%

Score Distribution

Percentile by Number Answered

Percent of People with Each Score

Your Score History

You have not taken this quiz